|
|
|
|
| LEADER |
00000nam1a2200000 4500 |
| 001 |
83354 |
| 005 |
20231101213305.0 |
| 035 |
|
|
|a (RuTPU)RU\TPU\book\89590
|
| 090 |
|
|
|a 83354
|
| 100 |
|
|
|a 20051014d1982 m y0rusy50 ca
|
| 101 |
1 |
|
|a rus
|c fre
|
| 102 |
|
|
|a RU
|
| 200 |
1 |
|
|a Собрание сочинений
|e в 10 т.
|f О. де Бальзак
|g под ред. Н. Балашова
|
| 210 |
|
|
|a Москва
|c Художественная литература
|d 1982-
|
| 700 |
|
1 |
|a Бальзак
|b О. де
|c французский писатель
|f 1799-1850
|g Оноре
|2 stltpush
|3 (RuTPU)RU\TPU\pers\31
|9 19
|
| 702 |
|
1 |
|a Балашов
|b Н.
|4 340
|
| 801 |
|
1 |
|a RU
|b 63413507
|c 20051014
|g PSBO
|
| 801 |
|
2 |
|a RU
|b 63413507
|c 20190424
|g PSBO
|
| 942 |
|
|
|c BK
|